Cơ sở lý thuyết xác xuất
Shranjeno v:
| Glavni avtor: | |
|---|---|
| Format: | Knjiga |
| Jezik: | Undetermined |
| Izdano: |
Hà Nội
Đại học quốc gia Hà Nội
2004
|
| Teme: | |
| Oznake: |
Označite
Brez oznak, prvi označite!
|
| Thư viện lưu trữ: | Trung tâm Học liệu Trường Đại học Cần Thơ |
|---|
| LEADER | 00656nam a2200217Ia 4500 | ||
|---|---|---|---|
| 001 | CTU_74735 | ||
| 008 | 210402s9999 xx 000 0 und d | ||
| 020 | |b 47600 | ||
| 082 | |a 519.2 | ||
| 082 | |b Ph500 | ||
| 100 | |a Nguyễn, Viết Phú | ||
| 245 | 0 | |a Cơ sở lý thuyết xác xuất | |
| 245 | 0 | |c Nguyễn Viết Phú, Nguyễn Duy Tiến | |
| 260 | |a Hà Nội | ||
| 260 | |b Đại học quốc gia Hà Nội | ||
| 260 | |c 2004 | ||
| 526 | |a Phân phối xác suất | ||
| 526 | |b TNT608 | ||
| 650 | |a Mathematical statistics | ||
| 904 | |i Năm | ||
| 980 | |a Trung tâm Học liệu Trường Đại học Cần Thơ | ||